000 01251nam a2200289 a 4500
001 ebr10613351
003 CaPaEBR
006 m u
007 cr cn|||||||||
008 121029s2012 enka s 001 0 eng d
020 _z9781849682565
020 _z9781849682572 (e-book)
040 _aCaPaEBR
_cCaPaEBR
035 _a(OCoLC)820841467
050 1 4 _aQA76.9.B38
_bD56 2012eb
100 1 _aDing, Qiang.
245 1 0 _aBMC control-M 7
_h[electronic resource] :
_ba journey from traditional batch scheduling to workload automation /
_cQiang Ding.
260 _aBirmingham :
_bPackt Pub.,
_c2012.
300 _aviii, 514 p. :
_bill. (some col.)
500 _aIncludes index.
500 _a"Master one of the world's most powerful enterprise workload automation tools - BMC Control-M 7 - using this book."
533 _aElectronic reproduction.
_bPalo Alto, Calif. :
_cebrary,
_d2011.
_nAvailable via World Wide Web.
_nAccess may be limited to ebrary affiliated libraries.
650 0 _aElectronic data processing
_xBatch processing.
655 7 _aElectronic books.
_2local
710 2 _aebrary, Inc.
856 4 0 _uhttp://site.ebrary.com/lib/rucke/Doc?id=10613351
_zAn electronic book accessible through the World Wide Web; click to view
999 _c205016
_d205016